| 000 | 00669nam a2200229 i 4500 | ||
|---|---|---|---|
| 001 | 15276 | ||
| 003 | ES-MaACL | ||
| 005 | 20230906151030.0 | ||
| 007 | t| | ||
| 008 | 000210s1999 sp ||||1| spa d | ||
| 020 | _a84-7731-330-X | ||
| 080 | _a028.9(460)"19" | ||
| 100 | 1 |
_aGómez Soto, Ignacio. _958163 |
|
| 245 | 1 | 0 |
_aMito y realidad de la lectura _b: los hábitos lectores en la España actual / _cIgnacio Gómez Soto. |
| 260 |
_aMadrid : _bEndymion, _c[1999] |
||
| 300 |
_a395 p. ; _c20 cm. |
||
| 490 | 1 | _aEnsayo | |
| 650 | 1 | 4 |
_aLectura- _zEspaña- _yS.XX. _914064 |
| 830 | 0 |
_aEnsayo _9177699 |
|
| 852 |
_aES-MaACL _jL-22545 _bR.127853 |
||
| 999 |
_c15276 _d15276 |
||